000 00925nam a2200193Ia 4500
999 _c44500
_d44500
001 11298
003 GE_BSU
005 20240530154817.0
008 181216s1940||||ge |||||||||||||| ||geo||
040 _cGE_BSU
041 _ageo
080 _a634(479.22) ბ–98
100 _aბუჩუკური, ალ.
_922246
245 _aმეხილეობა საქართელოში /
_cალ. ბუჩუკური; საქ. სსრ. მიწათმოქმედების სახალხო კომისარიატი. მეხილეობა-მებოსტნეობის სამმართველო.
264 _aთბილისი
_bსახელგამი, სას.-სამ. სექტორი,
_c1940.
300 _a142 გვ.:
_bილ.;
_c22 სმ.
653 _aმეხილეობა საქართელოში
942 _cBK
_2udc